| 000 | 00572cam4a220021700 4500 | ||
|---|---|---|---|
| 001 | zam00003728 | ||
| 008 | 951128s1994 xx eng u | ||
| 035 | _a(Sirsi) r21047 | ||
| 035 | _a(MACHINE)SLC. | ||
| 100 |
_aSikabaze et al. _6A82687.1 |
||
| 245 | 1 | 0 | _aMaps in Zambia. |
| 260 | _c1994. | ||
| 949 |
_aSIK1-MAP _wlcc _mMAIN _tBOOK _lON-SHELF |
||
| 004 | 21047 | ||
| 591 | _aClass code: S 960. | ||
| 591 | _aCourse: Rural sociology. | ||
| 591 | _aSchool: S05. | ||
| 591 | _aLecturer: Ms NTALASHA, H. | ||
| 591 | _aNumber of Students: 35. | ||
| 909 | _aReprint | ||
| 999 |
_c172576 _d172576 |
||